Dermoscopy / (رقم التسجيلة. 10783)
[ عرض عادي ]
| 000 -LEADER | |
|---|---|
| fixed length control field | 016390000a22003490004500 |
| 003 - CONTROL NUMBER IDENTIFIER | |
| control field | EG-GICUC |
| 005 - DATE AND TIME OF LATEST TRANSACTION | |
| control field | 20250223025333.0 |
| 008 - FIXED-LENGTH DATA ELEMENTS--GENERAL INFORMATION | |
| fixed length control field | 080615s2008 ua h f m 000 0 eng d |
| 040 ## - CATALOGING SOURCE | |
| Original cataloging agency | EG-GICUC |
| Language of cataloging | eng |
| Transcribing agency | EG-GICUC |
| 041 0# - LANGUAGE CODE | |
| Language code of text/sound track or separate title | Eng |
| 049 ## - LOCAL HOLDINGS (OCLC) | |
| Holding library | Deposite |
| 097 ## - Thesis Degree | |
| Thesis Level | M.Sc |
| 099 ## - LOCAL FREE-TEXT CALL NUMBER (OCLC) | |
| Classification number | Cai01.11.10.M.Sc.2008.Mo.D |
| 100 0# - MAIN ENTRY--PERSONAL NAME | |
| Personal name | Mona Ibrahim Saba |
| 245 10 - TITLE STATEMENT | |
| Title | Dermoscopy / |
| Statement of responsibility, etc. | Mona Ibrahim Saba ; Supervised Heba Helmy Elhadidi , Shahira Abdelrahman Ramadan , Amira Eltawdy |
| 246 15 - VARYING FORM OF TITLE | |
| Title proper/short title | المنظار الجلدى فى تشخيص الامراض الجلدية |
| 260 ## - PUBLICATION, DISTRIBUTION, ETC. | |
| Place of publication, distribution, etc. | Cairo : |
| Name of publisher, distributor, etc. | Mona Ibrahim Saba , |
| Date of publication, distribution, etc. | 2008 |
| 300 ## - PHYSICAL DESCRIPTION | |
| Extent | 88Leaves : |
| Other physical details | facsimiles ; |
| Dimensions | 30cm |
| 502 ## - DISSERTATION NOTE | |
| Dissertation note | Thesis (M.Sc.) - Cairo University - Faculty Of Medicine - Department Of Dermatology and Venerology |
| 520 ## - SUMMARY, ETC. | |
| Summary, etc. | Dermoscopy is the most recent noninvasive method that aids in the early diagnosis of pigmented skin lesions by giving physicians a more detailed view of the skin that is possible with the naked eye.normally the skin appers opaque and thus underlying structures cannot be adequately examined.Dermoscopy allows physicians to visualize structures underneath the stratum corneum and has been shown to increase diagnostic facilities |
| 530 ## - ADDITIONAL PHYSICAL FORM AVAILABLE NOTE | |
| Additional physical form available note | Issued also as CD |
| 653 #4 - INDEX TERM--UNCONTROLLED | |
| Uncontrolled term | Immersion fluids |
| 653 #4 - INDEX TERM--UNCONTROLLED | |
| Uncontrolled term | Light emitting diods |
| 653 #4 - INDEX TERM--UNCONTROLLED | |
| Uncontrolled term | Ultra violet |
| 700 0# - ADDED ENTRY--PERSONAL NAME | |
| Personal name | Amira Eltawdy , |
| Relator term | |
| 700 0# - ADDED ENTRY--PERSONAL NAME | |
| Personal name | Heba Helmy Elhadidi , |
| Relator term | |
| 700 0# - ADDED ENTRY--PERSONAL NAME | |
| Personal name | Shahira Abdelrahman Ramadan , |
| Relator term | |
| 856 ## - ELECTRONIC LOCATION AND ACCESS | |
| Uniform Resource Identifier | <a href="http://172.23.153.220/th.pdf">http://172.23.153.220/th.pdf</a> |
| 905 ## - LOCAL DATA ELEMENT E, LDE (RLIN) | |
| Cataloger | Aml |
| Reviser | Cataloger |
| 905 ## - LOCAL DATA ELEMENT E, LDE (RLIN) | |
| Cataloger | Nazla |
| Reviser | Revisor |
| 942 ## - ADDED ENTRY ELEMENTS (KOHA) | |
| Source of classification or shelving scheme | Dewey Decimal Classification |
| Koha item type | Thesis |
| Source of classification or shelving scheme | Not for loan | Home library | Current library | Date acquired | Full call number | Barcode | Date last seen | Koha item type | Copy number |
|---|---|---|---|---|---|---|---|---|---|
| Dewey Decimal Classification | المكتبة المركزبة الجديدة - جامعة القاهرة | قاعة الرسائل الجامعية - الدور الاول | 11.02.2024 | Cai01.11.10.M.Sc.2008.Mo.D | 01010110049272000 | 22.09.2023 | Thesis | ||
| Dewey Decimal Classification | المكتبة المركزبة الجديدة - جامعة القاهرة | مخـــزن الرســائل الجـــامعية - البدروم | 11.02.2024 | Cai01.11.10.M.Sc.2008.Mo.D | 01020110049272000 | 22.09.2023 | CD - Rom | 49272.CD |